La función de la universidad
Gespeichert in:
| 1. Verfasser: | |
|---|---|
| Format: | Buch |
| Sprache: | Spanisch |
| Veröffentlicht: |
Santiago
Nascimento
1955
|
| Schlagworte: | |
| Tags: |
Tag hinzufügen
Keine Tags, Fügen Sie den ersten Tag hinzu!
|
MARC
| LEADER | 00000nam a2200000 a 4500 | ||
|---|---|---|---|
| 001 | UCU0538 | ||
| 003 | CL-VaPUC | ||
| 008 | 960322e19550000CL |||||||||||||||||spa|d | ||
| 082 | 0 | 4 | |a 378.001 |b LIP |2 21 |
| 100 | |a Lipschutz, Alejandro |e autor |9 497930 | ||
| 245 | 1 | 3 | |a La función de la universidad |
| 300 | |a 46 p | ||
| 942 | |c BK | ||
| 945 | |d 19960322 00:00:00 |a lriquelm | ||
| 260 | |a Santiago |b Nascimento |c 1955 | ||
| 650 | 0 | |a Universidades |9 256317 | |
| 650 | 0 | |a Educación superior |9 223851 | |
| 650 | 7 | |a ESTABLECIMIENTOS DE ENSEÑANZA SUPERIOR |2 CL-VaPUC |9 355790 | |
| 650 | 0 | |a Formación profesional |9 257232 | |
| 650 | 7 | |a PAPEL DE LA EDUCACION |2 CL-VaPUC |9 338800 | |
| 583 | |a last modification |c 19960322 00:00:00 |k Rodrigo Vera | ||
| 999 | |c 245379 |d 245377 | ||
| 952 | |0 0 |1 0 |4 0 |6 378_001000000000000_LIP_1955 |7 0 |8 P |9 259868 |a BIBEDU |b BIBEDU |c BIBEDU_PB |d 2019-11-19 |i 1636022 |o 378.001 LIP 1955 |p 1636022 |r 2024-01-25 |w 2019-11-19 |y BK |k EDU | ||